000 01204cam a2200349 a 4500
001 22834
003 SK-KTurca
005 20260429102811.0
008 240226s2003 xo jr 000 f slo
015 _aSNBA2004/03-02717
020 _a8055106290
_q(viazané)
035 _aSNK000414594
035 _aurn:nbn:sk:snk-am3j1pa
035 _a4865317B-5C30-407A-BA91-3B1F4205A41D
035 _aurn:nbn:sk:snk-am00gl1y
040 _aSNK
_bslo
_cSNK
_eAACR2
041 1 _aslo
_hger
044 _axo
_cSK
072 7 _a821.112.2-3
_xNemecká próza, nemecky písaná
_2konspekt
072 7 _a821-93
_xLiteratúra pre deti a mládež (beletria)
_2konspekt
080 _a821.112.2-31
_22011
100 1 _aFreund, Peter,
_d1952-
_4aut
240 1 0 _aLaura und das Geheimnis von Aventerra
_lSlovensky
245 1 0 _aLaura a tajomstvo Aventerry
_cPeter Freund ; [z nemeckého originálu Laura und das Geheimnis von Aventerra preložila Lucia Čižmáriková]
250 _a1. vyd.
260 _aBratislava
_bIkar
_c2003
300 _a368 strán
_c21 cm
655 7 _anemecké romány
_2SNKPH
655 7 _aliteratúra pre mládež
_2SNKPH
700 1 _aČižmáriková, Lucia
_4trl
942 _2ddc
_cKLDO
_n0
999 _c22834
_d22834